Síntesis, purificación y caracterización de un derivado biliar a partir de p-clorofenilbiguanida para su evaluación como desinfectante
Na minha lista:
| Autor principal: | |
|---|---|
| Outros Autores: | |
| Formato: | Livro |
| Idioma: | Spanish |
| Publicado em: |
San José, Costa Rica
2019
|
| Assuntos: | |
| Tags: |
Adicionar Tag
Sem tags, seja o primeiro a adicionar uma tag!
|
MARC
| LEADER | 00000nam a22000007a 4500 | ||
|---|---|---|---|
| 003 | 013050 | ||
| 005 | 20230627101918.0 | ||
| 008 | 190516b2019 c a|||| |m|| 00| ||spa d | ||
| 040 | |c cru CEDI | ||
| 100 | |9 790 |a Campos Molina, Christian José, 1986- | ||
| 245 | |a Síntesis, purificación y caracterización de un derivado biliar a partir de p-clorofenilbiguanida para su evaluación como desinfectante | ||
| 260 | |a San José, Costa Rica |c 2019 | ||
| 500 | |a Tesis (licenciatura en ingeniería química)--Universidad de Costa Rica. Facultad de Ingeniería. Escuela de Ingeniería Química | ||
| 501 | |a Director de Tesis de Graduación: Ph.D. Víctor Hugo Soto Tellini | ||
| 650 | |x DESINFECCION Y DESINFECTANTES |x CROMATOGRAFIA |x INFECCIONES NOSOCOMIALES |x ANALISIS ESPECTRAL |x ACIDOS BILIARES | ||
| 700 | |9 791 |a Soto Tellini, Victor Hugo, 1963- |d Director del TFG | ||
| 942 | |c CEDI |h TFG 8200 |6 TFG_8200_000000000000000 | ||
| 999 | |c 21692 |d 21692 | ||
